<?xml version="1.0" encoding="UTF-8"?><?xml-stylesheet type="text/xsl" href="static/style.xsl"?><OAI-PMH xmlns="http://www.openarchives.org/OAI/2.0/" xmlns:xsi="http://www.w3.org/2001/XMLSchema-instance" xsi:schemaLocation="http://www.openarchives.org/OAI/2.0/ http://www.openarchives.org/OAI/2.0/OAI-PMH.xsd"><responseDate>2026-04-18T02:58:40Z</responseDate><request verb="GetRecord" identifier="oai:www.recercat.cat:20.500.12327/5176" metadataPrefix="marc">https://recercat.cat/oai/request</request><GetRecord><record><header><identifier>oai:recercat.cat:20.500.12327/5176</identifier><datestamp>2026-03-27T14:49:50Z</datestamp><setSpec>com_2072_4428</setSpec><setSpec>com_2072_4427</setSpec><setSpec>col_2072_487898</setSpec></header><metadata><record xmlns="http://www.loc.gov/MARC21/slim" xmlns:dcterms="http://purl.org/dc/terms/" xmlns:xsi="http://www.w3.org/2001/XMLSchema-instance" xmlns:doc="http://www.lyncode.com/xoai" xsi:schemaLocation="http://www.loc.gov/MARC21/slim http://www.loc.gov/standards/marcxml/schema/MARC21slim.xsd">
   <leader>00925njm 22002777a 4500</leader>
   <datafield ind2=" " ind1=" " tag="042">
      <subfield code="a">dc</subfield>
   </datafield>
   <datafield ind2=" " ind1=" " tag="720">
      <subfield code="a">Caiza-Valencia, Carlos</subfield>
      <subfield code="e">author</subfield>
   </datafield>
   <datafield ind2=" " ind1=" " tag="720">
      <subfield code="a">Izquierdo Romero, Andrés</subfield>
      <subfield code="e">author</subfield>
   </datafield>
   <datafield ind2=" " ind1=" " tag="720">
      <subfield code="a">Veloz-Villavicencio, Eliana</subfield>
      <subfield code="e">author</subfield>
   </datafield>
   <datafield ind2=" " ind1=" " tag="720">
      <subfield code="a">Coronel, Jonathan</subfield>
      <subfield code="e">author</subfield>
   </datafield>
   <datafield ind2=" " ind1=" " tag="260">
      <subfield code="c">2026-03-10</subfield>
   </datafield>
   <datafield ind2=" " ind1=" " tag="520">
      <subfield code="a">The use of native microorganisms in craft beer and wine production represents a transformative approach that significantly enhances quality, sensorial complexity, and authenticity of the beverages. Integrating these microorganisms facilitates terroir expression, reduces dependence on commercial monocultures, and promotes sustainability by preserving native microbial biodiversity, which is vital to the identity of fermented craft beverages. This review analyzes the main roles of native yeasts, including Saccharomyces cerevisiae, Brettanomyces bruxellensis, Lachancea thermotolerans, Torulaspora delbrueckii, Pichia kudriavzevii, and Hanseniaspora spp., in shaping the biochemical and sensory profiles of craft beer and wine. It also provides a summary of the functions of lactic acid bacteria (LAB; Lactobacillus, Leuconostoc, Pediococcus, Oenococcus) in malolactic fermentation and flavor development, as well as the effects of acetic acid bacteria (AAB; Acetobacter, Gluconobacter) on oxidative complexity in select beverage styles. This work also highlights the use of mixed inoculation strategies and targeted strain selection to optimize fermentation kinetics, stress tolerance, and enzymatic activities, particularly those that enhance the liberation of aroma precursors. Additionally, challenges such as fermentation consistency, microbiological safety, and the need for standardized processes are also discussed. This framework provides essential insights to researchers and craft producers seeking innovation, product differentiation, and cultural preservation in the craft brewing and winemaking sectors, supporting regional economies and global biodiversity conservation through the scientifically grounded exploitation of native microorganisms.</subfield>
   </datafield>
   <datafield ind1="8" ind2=" " tag="024">
      <subfield code="a">1664-302X</subfield>
   </datafield>
   <datafield ind1="8" ind2=" " tag="024">
      <subfield code="a">https://hdl.handle.net/20.500.12327/5176</subfield>
   </datafield>
   <datafield ind1="8" ind2=" " tag="024">
      <subfield code="a">https://doi.org/10.3389/fmicb.2026.1754472</subfield>
   </datafield>
   <datafield ind2="0" ind1="0" tag="245">
      <subfield code="a">Native microorganisms as natural enhancers in craft beer and wine production</subfield>
   </datafield>
</record></metadata></record></GetRecord></OAI-PMH>